000 00839nam a2200217 a 4500
001 000037584
005 20200930080444.0
008 120501s1996 it a 000 0 spa d
020 _a8400076125
040 _aDO-SdBNP
_bspa
_cBNPHU
082 _axxx
_bS161a
100 1 _aSalcedo, Fabiola
_964053
245 1 0 _aAfrica :
_biconografía de una provincia romana /
_cFabiola Salcedo ; prólogo Javier Arce.
260 _aRoma/Madrid :
_bConsejo Superior de Investigaciones Científicas,
_bEscuela de Historia y Arqueología en Roma,
_c1996.
300 _axviii, 275, 30 laminas :
_bil. ;
_c27 cm.
490 1 _aBiblioteca Itálica
_v21
500 _aIncluye datos biográficos de la autora en la solapa de la cubierta
590 _aInventariado, 2019 /LP
700 1 2 _aArce, Javier
_epról.
_964054
830 0 _aBiblioteca Itálica
_v21
_964055
999 _c37074
_d37074